Couleurs en coréen - Statistiques

Statistiques générales
  • Ce quiz a été pris 231 fois
  • Le résultat moyen est 9 sur 10
Statistiques - réponses
Hint Réponse % Correct
빨간색 rouge
100%
파란색 bleu
99%
노란색 jaune
98%
검은색 noir
97%
초록색 vert
97%
보라색 violet
97%
흰색 blanc
93%
주황색 orange
93%
분홍색 rose
88%
갈색 marron
87%
Aucun quiz correspondant
Distribution des résultats
% des personnes avec chaque résultat
Percentile par nombre de réponses
Votre historique - résultats
Vous n’avez pas pris ce quiz